Maiores cidades da Amazonia Internacional em População - Statistics

Estatísticas Gerais
  • Esse quiz foi jogado 46 vezes
  • A pontuação média é 6 de 10
Estatísticas das Respostas
Posição/País Cidade % Correto
1/Brasil Manaus
100%
2/Brasil Belém
92%
5/Brasil Porto Velho
89%
10/Brasil Rio Branco
87%
9/Brasil Boa Vista
76%
7/Brasil Macapá
74%
6/Brasil Ananindeua
34%
3/Bolívia Santa Cruz de La Sierra
29%
8/Peru Iquitos
26%
4/Brasil São Luiz
5%
Nenhum quiz correspondente encontrado
Distribuição das Pontuações
Porcentagem de Pessoas com Cada Pontuação
Percentil de Números Respondidos
Sua Pontuação Histórica
Você não jogou esse quiz